00722nam a2200241 a 4500001001000000003000900010005001700019007000300036008004100039040002500080049000900105082001500114100002600129245005200155260006300207300002800270590002800298710001000326910000700336942001400343952010600357999001700463000030042DO-SdBNP20220530104314.0ta110428s2014 dr 000 0 spa d aDO-SdBNPbspacBNPHU aBNPD axxxbN446m aNeris, Rubén98172000aManual de fisíca básica II /cRubén Neris aSanto Domingo :bUniversidad Iberoamericana (UNIBE),c2014 a148 p. :bil. ;c28 cm. aInventariado, 2022 / DG 956753 aDG 2ddccLBS1 00102ddc51708MOaBNPHUbPDcCTd0000-00-00l0oxxx N446mp2022-2452r2022-05-30w2022-05-30yLBS1 c51836d51836